Normal view MARC view
  • Adler, Ronald B, Elmhorst, J.Marquardt

Entry Personal Name

Number of records used in: 1

001 - CONTROL NUMBER

  • control field: 64392

003 - CONTROL NUMBER IDENTIFIER

  • control field: NUST

005 - DATE AND TIME OF LATEST TRANSACTION

  • control field: 20210628203251.0

008 - FIXED-LENGTH DATA ELEMENTS

  • fixed length control field: 210628|| aca||aabn | a|a d

040 ## - CATALOGING SOURCE

  • Original cataloging agency: NUST
  • Transcribing agency: NUST

100 ## - HEADING--PERSONAL NAME

  • Personal name: Adler, Ronald B, Elmhorst, J.Marquardt

670 ## - SOURCE DATA FOUND

  • Source citation: Work cat.: (NUST): Adler, Ronald B, Elmhorst, J.Marquardt, Methods, standards, and work design, principles and practices for business and the professions, 2005
© 2023 Central Library, National University of Sciences and Technology. All Rights Reserved.